Obras escogidas.
Salvato in:
| Autore principale: | |
|---|---|
| Natura: | Libro |
| Lingua: | spagnolo |
| Pubblicazione: |
Santiago, Chile:
LOM Ediciones; Centro de Investigaciones Diego Barros Arana; Dirección de Bibliotecas, Archivos y Museos,
2000.
|
| Soggetti: | |
| Tags: |
Aggiungi Tag
Nessun Tag, puoi essere il primo ad aggiungerne!!
|
MARC
| LEADER | 00000nam a2200000 a 4500 | ||
|---|---|---|---|
| 001 | UCL0636 | ||
| 003 | CL-VaPUC | ||
| 005 | 20220822114351.0 | ||
| 008 | 030801e20000000CL |||||||||||||||||spa|d | ||
| 999 | |c 304452 |d 304450 | ||
| 020 | |a 956-244-121-0 (v.II) | ||
| 020 | |a 956-244-123-7 (v.IV) | ||
| 040 | |c Pontificia Universidad Católica de Valparaíso | ||
| 082 | 0 | 4 | |a 983 FEL 2000 |2 21 |
| 100 | |a Feliú Cruz, Guillermo |e autor |9 392726 | ||
| 245 | 1 | 0 | |a Obras escogidas. |
| 260 | |a Santiago, Chile: |b LOM Ediciones; |b Centro de Investigaciones Diego Barros Arana; |b Dirección de Bibliotecas, Archivos y Museos, |c 2000. | ||
| 300 | |a 4 Volúmenes. | ||
| 500 | |a c.2 Tomo IV: Donación Familia Prof. Alejandro Guzmán Brito. | ||
| 505 | |a v.I: 1891-1924. Chile visto a través de Agustín Ross: ensayo de interpretación. v.II: Durante la República. v.IV: La primera misión de los Estados Unidos de América en Chile. | ||
| 583 | |a last modification |c 20030801 00:00:00 |k Rodrigo Vera | ||
| 600 | 0 | 7 | |a Ross, Agustín |2 CL-VaPUC |9 477319 |
| 650 | 0 | |a Historia de Chile |9 265473 | |
| 650 | 7 | |a Historia cultural de Chile |2 CL-VaPUC |9 464586 |x Desarrollo económico y social | |
| 942 | |c BK |2 ddc |n 0 | ||
| 945 | |d 20030801 00:00:00 |a cmena | ||
| 952 | |0 0 |1 0 |4 0 |6 983_000000000000000_FEL_2000 |7 0 |8 A |9 366747 |a BIBHIS |b BIBHIS |d 2019-11-21 |h v.1 |i 3926117 |o 983 FEL 2000 |p 3926117 |r 2025-01-20 |w 2019-11-21 |y BK |k HIS | ||
| 952 | |0 0 |1 0 |4 0 |6 983_000000000000000_FEL_2000 |7 0 |8 A |9 366748 |a BIBHIS |b BIBHIS |d 2019-11-21 |h v.2 |i 3926036 |o 983 FEL 2000 |p 3926036 |r 2025-01-20 |w 2019-11-21 |y BK |k HIS | ||
| 952 | |0 0 |1 0 |4 0 |6 983_000000000000000_FEL_2000 |7 0 |8 A |9 366749 |a BIBHIS |b BIBHIS |d 2019-11-21 |h v.4 |i 3925994 |o 983 FEL 2000 |p 3925994 |r 2025-01-20 |w 2019-11-21 |y BK |k HIS | ||
| 952 | |0 0 |1 0 |2 ddc |4 0 |6 983_000000000000000_FEL_2000 |7 0 |8 A |9 422548 |a BIBHIS |b BIBHIS |d 2019-11-22 |h v.I |i 4550943 |o 983 FEL 2000 |p 4550943 |r 2025-01-20 |t 2 |w 2019-11-22 |y BK |k HIS | ||